000 00362nam a2200133Ia 4500
008 150202s9999 xx 000 0 und d
020 _a553202200
050 _aFIC
_bFIC
100 _aDeRosis , Helen A.
245 4 _aThe Book of hope /
_cHelen A. DeRosis
260 _aNew York :
_bBantam Books,
_c1976.
300 _a336 pages :
_c18 cm.
650 _aFiction.
999 _c282373
_d282373